000 00708nam a2200241 a 4500
008
049 _aMAIN
090 _aQC318.E57
_bDUG
100 1 _aDugdale, J.S.
245 1 0 _aEntropy and low temperature physics /
_cJ.S. Dugdale.
260 _aLondon :
_bHutchinson,
_c1966.
300 _a206 p. :
_bill. ;
_c22 cm.
440 _aHutchinson university library: physical sciences.
504 _aIncludes bibliographical references.
500 _aIncludes index.
650 0 _aEntropy.
650 0 _aLow temperatures.
907 _a.b10043391
_b19-03-12
_c17-04-03
003
005 20230123133722.0
040 _cNUST
942 _cBOOKS
_kQC318.E57
_mDUG
999 _c153437
_d153437